000 00899nam a2200205Ii 4500
003 JO-AjNU
008 230605s9999||||xx |||||||||||||| ||und||
017 _a2018/10/5485
040 _aJO-AjNU
_bara
_erda
_cJO-AjNU
041 _aara
050 1 4 _aQ127.I74.M356.2020
100 3 _a مجمع اللغة العربية الاردني؛ تحرير علمي: عبدالقادر عابد، سرى سبع العيش,
_eauthor
_961364
245 0 0 _aتاريخ العلوم والتكنولوجيا في الحضارة العربية الاسلامية
264 3 1 _aعمان: مجمع اللغة العربية الاردني، 2020
300 _a614ص
336 _atext
_btxt
_2rdacontent
337 _aunmediated
_bn
_2rdamedia
338 _avolume
_bnc
_2rdacarrier
650 4 _aالحضارة الاسلامية- العلوم والتكنولوجيا-العلماء- تاريخ العرب
_961365
999 _aA27734
_c31302
_d31302